01447nam a2200361 a 4500001001200000003000800012006001900020007001500039008004100054010001700095015001900112016001800131020003100149020002800180040002100208035002100229043001200250050002300262082001600285100003300301245011100334260003800445300001600483490007400499504006600573533015200639651003700791655002900828710001700857830007000874856012600944999001501070ebr10271076CaPaEBRm u cr cn|||||||||061205s2007 ne sb 001 0 eng  z 2006051901 aGBA7107982bnb7 z0136616122Uk z9789004157194 (alk. paper) z9004157190 (alk. paper) aCaPaEBRcCaPaEBR a(OCoLC)608455986 aa-ii---14aDS426b.B76 2007eb04a934/.042221 aBronkhorst, Johannes,d1946-10aGreater Magadhah[electronic resource] :bstudies in the culture of early India /cby Johannes Bronkhorst. aLeiden ;aBoston :bBrill,c2007. axix, 414 p.1 aHandbook of oriental studies. Section two, India,x0169-9377 ;vv. 19 aIncludes bibliographical references (p. [367]-400) and index. aElectronic reproduction.bPalo Alto, Calif. :cebrary,d2013.nAvailable via World Wide Web.nAccess may be limited to ebrary affiliated libraries. 0aMagadha (Kingdom)xCivilization. 7aElectronic books.2local2 aebrary, Inc. 0aHandbuch der Orientalistik.nZweite Abteilung,pIndien ;v19. Bd.40uhttp://site.ebrary.com/lib/rucke/Doc?id=10271076zAn electronic book accessible through the World Wide Web; click to view c7197d7197